57 'M' Movies Quiz Stats

 Plays Quiz Updated Apr 23, 2014

Also try: 57 'P' Movies
Challenge
Share
Tweet
Embed
Score 0/57 Timer 14:00
5 Plays Today
Year & Genre(s) Movie % Correct
2005: ActionMr. & Mrs. Smith
84.2%
1993: ComedyMrs. Doubtfire
82.8%
2005: DocumentaryMarch of the Penguins
82.3%
1997: ComedyMen in Black
81.7%
1998: AnimatedMulan
80.9%
1964: MusicalMary Poppins
80%
1999: ActionThe Matrix
79.4%
2008: MusicalMamma Mia!
77.4%
2004: SchoolMean Girls
75.9%
2005: AnimatedMadagascar
72.9%
2004: DramaMillion Dollar Baby
70.2%
1992: SportsThe Mighty Ducks
69.1%
2008: BiopicMilk
68.6%
1999: ActionThe Mummy
64%
1990: HorrorMisery
63.9%
2000: ThrillerMemento
61.5%
1992: ComedyMy Cousin Vinny
61.3%
1964: MusicalMy Fair Lady
58.7%
2004: SportsMiracle
58.4%
1979: SpyMoonraker
58%
1979: DramaManhattan
56.5%
2002: SciFiMinority Report
54.6%
1996: ComedyMars Attacks!
54.4%
1941: Film-NoirThe Maltese Falcon
54.3%
1970: ComedyM*A*S*H
53.7%
1998: ActionThe Man in the Iron Mask
49.3%
1939: DramaMr. Smith Goes to Washington
48.5%
1974: SpyThe Man With the Golden Gun
46.4%
2001: MusicalMoulin Rouge!
45.3%
Year & Genre(s) Movie % Correct
1987: ComedyMoonstruck
45.1%
2001: MysteryMulholland Dr.
44.3%
2001: DramaMonster's Ball
43.8%
1969: DramaMidnight Cowboy
41.3%
1981: CultMommie Dearest
40.7%
2003: SchoolMona Lisa Smile
38.6%
1927: SciFiMetropolis
37.4%
2003: MysteryMystic River
35.5%
1962: ThrillerThe Manchurian Candidate
35.4%
1960: WesternThe Magnificent Seven
34.7%
1995: ComedyMallrats
34.3%
2002: ComedyMr. Deeds
34.2%
2005: DramaMemoirs of a Geisha
32.8%
1996: ActionMission: Impossible
31.4%
2007: ThrillerMichael Clayton
30.6%
1934/56: Mystery/SuspenseThe Man Who Knew Too Much
30.1%
2006: CrimeMiami Vice
29.5%
1986: ThrillerManhunter
25.7%
2005: DramaMunich
24.6%
1955: DramaMarty
24.6%
2002: ComedyMy Big Fat Greek Wedding
23.1%
1979: ActionMad Max
20.3%
1978: PrisonMidnight Express
19.2%
1936: ComedyModern Times
18.8%
1975: AdventureThe Man Who Would Be King
13.9%
1993: CrimeMenace II Society
10.4%
1999: DramaMagnolia
10.2%
1942: DramaThe Magnificent Ambersons
8.6%

You're not logged in!

Compare scores with friends on all Sporcle quizzes.
Join for Free
OR
Log In

You Might Also Like...

Show Comments

Extras

Top Quizzes Today


Score Distribution

Your Account Isn't Verified!

In order to create a playlist on Sporcle, you need to verify the email address you used during registration. Go to your Sporcle Settings to finish the process.

Report this User

Report this user for behavior that violates our Community Guidelines.

Details: